| 000 | 00666nam a2200217 a 4500 | ||
|---|---|---|---|
| 999 |
_c3452 _d3452 |
||
| 001 | 3452 | ||
| 003 | BD-JhCC | ||
| 005 | 20171113202337.0 | ||
| 008 | 171111s1964 bg |||| |||| 000 0 ben d | ||
| 035 | _a(BD-JhCC) | ||
| 040 |
_aBD-JhCC _dBD-JhCC |
||
| 041 | _aben | ||
| 082 |
_a891.4409 _bCHU 1964 |
||
| 100 | _aচৌধুরী, সিরাজুল ইসলাম | ||
| 245 |
_aঅন্বেষণ / _cসিরাজুল ইসলাম চৌধুরী |
||
| 260 |
_aঢাকা : _bপ্রিমিয়ার বুকস্, _c১৯৬৪ |
||
| 300 |
_a146 p. : _c22 cm. |
||
| 650 | _aBengali Letirature | ||
| 942 |
_2ddc _cBK |
||